النظم والمنظومية : (رقم التسجيلة. 82128)

تفاصيل مارك
000 -الفاتح
حقل البيانات ثابتة الطول 00921nam a2200253 4500
001 - رقم الضبط
رقم الضبط
003 - محدد رقم الضبط
رقم الضبط
005 - وقت وتاريخ اخر تعامل مع التسجيلة
رقم الضبط 20220904090041.0
008 - عناصر البيانات ثابتة الطول - معلومات عامة
حقل البيانات ثابتة الطول 150329s2015 jo f 000 0 ara c
020 ## - الرقم الدولى المعيارى للكتب
الرقم الدولى المعيارى للكتاب 9789957834463
040 ## - مصدر الفهرسة
وكالة الفهرسة الأصلية MA-UN
لغة الفهرسة
وكالة النسخ MA-UN
082 04 - رقم تصنيف ديوى العشرى
رقم التصنيف 370.285
رقم الطبعة 21
رقم المادة ك ع ن
100 1# - المدخل الرئيسى - إسم شخصى
الإسم الشخصى الكبيسي، عبد المجيد حميد
245 12 - بيان العنوان
العنوان النظم والمنظومية :
بقية العنوان رؤى تربوية /
بيان المسئوليه,etc عبد المجيد حميد الكبيسي.
250 ## - بيان الطبعة
بيان الطبعة ط. 1.
260 ## - PUBLICATION, DISTRIBUTION, ETC. (IMPRINT)
مكان الناشر او الموزع عمان، الأردن :
اسم الناشر او الموزع دار الإعصار العلمي للنشر والتوزيع،
تاريخ النشر أو التوزيع 2015
تاريخ النشر هجري 1436.
300 ## - الوصف المادى
التعداد 459 ص. ؛
أبعاد الوعاء 24 سم.
504 ## - تبصرة ببليوجرافية
تبصرة ببليوجرافية,الخ يشتمل على قائمة ببليوجرافية.
650 #7 - المدخل الاضافى بالموضوع-مصطلح موضوعى
مصطلح موضوعي أو اسم جغرافي كعنصر مدخل أنظمة المعلومات
التقسيم الفرعي العام التعليم
650 #7 - المدخل الاضافى بالموضوع-مصطلح موضوعى
مصطلح موضوعي أو اسم جغرافي كعنصر مدخل التربية
التقسيم الفرعي العام فلسفة
650 #7 - المدخل الاضافى بالموضوع-مصطلح موضوعى
مصطلح موضوعي أو اسم جغرافي كعنصر مدخل التعليم
التقسيم الفرعي العام فلسفة
952 ## - LOCATION AND ITEM INFORMATION (KOHA)
نوع المادة فى نظام كوها كتاب
952 ## - LOCATION AND ITEM INFORMATION (KOHA)
نوع المادة فى نظام كوها كتاب
952 ## - LOCATION AND ITEM INFORMATION (KOHA)
نوع المادة فى نظام كوها كتاب
952 ## - LOCATION AND ITEM INFORMATION (KOHA)
نوع المادة فى نظام كوها كتاب
952 ## - LOCATION AND ITEM INFORMATION (KOHA)
نوع المادة فى نظام كوها كتاب
952 ## - LOCATION AND ITEM INFORMATION (KOHA)
نوع المادة فى نظام كوها كتاب
952 ## - LOCATION AND ITEM INFORMATION (KOHA)
نوع المادة فى نظام كوها كتاب
952 ## - LOCATION AND ITEM INFORMATION (KOHA)
نوع المادة فى نظام كوها كتاب
952 ## - LOCATION AND ITEM INFORMATION (KOHA)
نوع المادة فى نظام كوها كتاب
535 2# - تبصرة موقع الأصول / النسخ
المالك 3
942 ## -
-- ddc
-- BOOK
المقتنيات
حالة الفقد نموذج السعر الفعال حالة تلف ليس للاعارة تاريخ الاكتساب رقم الطلب تاريخ الاكتساب الموقع الحالي الباركود الفرع الرئيسي Date last seen مصدر التصنيف او خطة الترفيف Total Checkouts
  2022-09-04   Not For Loan 2022-09-04 370.285 ك ع ن 2022-09-04 CL 00194421 المكتبة المركزية بالمجمعة (CL) 2022-09-04 Dewey Decimal Classification  
  2022-09-04     2022-09-04 370.285 ك ع ن 2022-09-04 CL 00194422 المكتبة المركزية بالمجمعة (CL) 2022-09-04 Dewey Decimal Classification  
  2022-09-04     2022-09-04 370.285 ك ع ن 2022-09-04 CL 00194423 المكتبة المركزية بالمجمعة (CL) 2022-09-04 Dewey Decimal Classification  
  2022-09-04   Not For Loan 2022-09-04 370.285 ك ع ن 2022-09-04 EMF 00194426 مكتبة مجمع الطالبات بالمجمعة (EMF) 2022-09-04 Dewey Decimal Classification  
  2022-09-04     2022-09-04 370.285 ك ع ن 2022-09-04 EMF 00194427 مكتبة مجمع الطالبات بالمجمعة (EMF) 2022-09-04 Dewey Decimal Classification  
  2022-09-04   Not For Loan 2022-09-04 370.285 ك ع ن 2022-09-04 EZF 00194424 مكتبة كلية التربية بالزلفى - طالبات (EZF) 2022-09-04 Dewey Decimal Classification  
  2022-09-04     2022-09-04 370.285 ك ع ن 2022-09-04 EZF 00194425 مكتبة كلية التربية بالزلفى - طالبات (EZF) 2022-09-04 Dewey Decimal Classification  
  2022-09-04   Not For Loan 2022-09-04 370.285 ك ع ن 2022-09-04 SZM 00194428 مكتبة مجمع الكليات بالزلفى - طلاب (SZM) 2022-09-04 Dewey Decimal Classification  
  2022-09-04     2022-09-04 370.285 ك ع ن 2022-09-04 SZM 00194429 مكتبة مجمع الكليات بالزلفى - طلاب (SZM) 2022-09-04 Dewey Decimal Classification